| 000 | 00819nam a22002537a 4500 | ||
|---|---|---|---|
| 005 | 20170124110038.0 | ||
| 010 | _aA-574401 | ||
| 020 | _c00.00 | ||
| 035 | _aA-574401 | ||
| 037 | _bCen Lib/Ret | ||
| 040 |
_aDPL _bEN |
||
| 082 |
_a658.8072 _bBOY |
||
| 100 |
_aBoyd, Harper W. _923030 |
||
| 245 |
_aMarketing research : _cby Harper W.Boyd,Ralph Westfall [and] Stanley F.Stasch _btext and cases / |
||
| 260 |
_aDelhi _bAll India Traveller Bookseller _c1989 |
||
| 270 |
_aD-2/15, Krishna Nagar _bDelhi _e110051 |
||
| 300 |
_axv,816p. : _c24cm(Hb) _bill. |
||
| 500 | _aIncludes index | ||
| 650 |
_aResearch process. _923031 |
||
| 650 |
_aApplications of Marketing research. _923032 |
||
| 700 |
_aWestfall, Ralph _923033 |
||
| 700 |
_aStasch, Stanley F. _923034 |
||
| 942 |
_2ddc _cEN _h658.8072 _mBOY |
||
| 999 |
_c128318 _d128318 |
||